| 000 | 00694nam a2200121Ia 4500 | ||
|---|---|---|---|
| 008 | 220616s9999||||xx |||||||||||||| ||und|| | ||
| 100 | _aAntoinette, Michelle||Turner, Caroline | ||
| 245 | 0 | _aContemporary Asian Art and Exhibitions | |
| 546 | _aEnglish[eng] | ||
| 650 | _aaustralia||asia||art||Asialink||Contemporary art||Hong Kong||Philippines||Race and ethnicity in the United States Census | ||
| 856 | _uhttps://library.oapen.org/bitstream/20.500.12657/33259/1/515933.pdf||https://library.oapen.org/bitstream/20.500.12657/33259/1/515933.pdf||https://library.oapen.org/bitstream/20.500.12657/33259/1/515933.pdf||https://library.oapen.org/bitstream/20.500.12657/33259/1/515933.pdf | ||
| 942 | _cEB | ||
| 999 |
_c20796 _d20796 |
||